Guess the Latin word - Statistics

General Stats
  • This quiz has been taken 251 times
  • The average score is 7 of 15
Answer Stats
Question Answer % Correct
Aqua water
94%
Crux Cross
87%
Injuria Injury
68%
Fenestra window
64%
Semper Always
62%
Puela girl
60%
Silva Forest
48%
Cubile Bed
43%
Ambulo walk
43%
Unda wave
36%
Caellum Heaven
30%
Janua Door
23%
Cras Tomorrow
22%
Galea Helmet
18%
Liberi Children
10%
No matching quizzes found
Score Distribution
Percent of People with Each Score
Percentile by Number Answered
Your Score History
You have not taken this quiz